LEADER 01024nam a2200229 u 4500 001 000000089365 003 CaOOAMICUS 005 20070226124617.0 008 051118s1955 it a u000 u ita u 035 $a11069468 040 $aPUL(R)$bita 100 1 $aGuarnero, Luisa.$0(OLS)http://pul/name/57867 245 13$aIl mistero dell'amore ciò che una adolescente del XX secolo deve sapere /$cLuisa Guarnero. 260 $aTorino :$bMarietti,$c1955(ristampa 1956) 300 $a161 p. :$bill. ;$c22 cm 650 4$aEducazione religiosa$xAspetti psicologici.$0(OLS)http://pul/subject/29171 650 4$aEducazione dei fanciulli.$0(OLS)http://pul/subject/4537 850 $aPUL 852 $aPUL$W1$xDP1 Fondo Pastorale$y55$mP9 B 3$j112998$nBK-PRI$b $qFondi$B112998$CPULBib$Z2$F112998 $HPUL18 $81 941 1 $a1 996 $6245$aIl mistero dell'amore ciò che una adolescente del XX secolo deve sapere$9(OLS)http://pul/title/115414 996 $6260$aTorino :$bMarietti$9(OLS)http://pul/publisher/48186 LEADER 00801naa a2200217 u 4500 001 000000103430 003 CaOOAMICUS 005 20070226130216.0 008 061116s1979 fr u000 u fre u 020 $a2082107116 035 $a11107042 040 $aIAR$bita 100 1 $aPuech, Henri-Charles,$d1902-1986.$0(OLS)http://pul/name/7029 245 13$aLa conception manichéenne du Salut /$cHenri-Charles Puech. 260 $aParis :$bFlammarion,$c1979. 300 $ap. 5-102 ;$c22 cm 500 $aIAR: CCI.410 773 0 $aPuech, Henri-Charles.$tSur le manichéisme et autres essais$w()13283 996 $6020$a2082107116$9(OLS)http://pul/number/16994 996 $6245$aLa conception manichéenne du Salut$9(OLS)http://pul/title/130335 996 $6260$aParis :$bFlammarion$9(OLS)http://pul/publisher/48204